Education of British South Asians: ethnicity, capital and class structure (Record no. 3831)

MARC details
000 -LEADER
fixed length control field 00579nam a2200169Ia 4500
020 ## - INTERNATIONAL STANDARD BOOK NUMBER
ISBN 1-4039-1691-8
082 ## - DEWEY DECIMAL CLASSIFICATION NUMBER
Classification number 371.82954 ABB-;
100 ## - MAIN ENTRY--AUTHOR NAME
Personal name Abbas, Tahir
245 #0 - TITLE STATEMENT
Title Education of British South Asians: ethnicity, capital and class structure
260 ## - PUBLICATION, DISTRIBUTION, ETC. (IMPRINT)
Place of publication Hampshire
Name of publisher Palgrave Macmillan
Year of publication 2004
300 ## - PHYSICAL DESCRIPTION
Number of Pages xii, 190p.
504 ## - BIBLIOGRAPHY, ETC. NOTE
Bibliography, etc includes appendix, bibliography and index
650 ## - SUBJECT ADDED ENTRY--TOPICAL TERM
Topical Term South Asians - Education - Case studies - Engalnd - Brimingham
650 ## - SUBJECT ADDED ENTRY--TOPICAL TERM
Topical Term Campus culture
650 ## - SUBJECT ADDED ENTRY--TOPICAL TERM
Topical Term Educational anthropology - England - Brimingham - Case studies
942 ## - ADDED ENTRY ELEMENTS (KOHA)
Koha item type Books
Holdings
Withdrawn status Lost status Damaged status Not for loan Home library Current library Date acquired Source of acquisition Bill Date Full call number Accession Number Price effective from Koha item type
        NASSDOC Library NASSDOC Library 10/11/2004 IBD 2004-10-22 371.82954 ABB-; 40199 18/04/2019 Books